[Event "FIDE World Cup Women 2023"]
[Site "Baku AZE"]
[Date "2023.07.30"]
[Round "1.1"]
[White "Munkhzul, Turmunkh"]
[Black "Buksa, Nataliya"]
[Result "1-0"]
[WhiteTitle "WGM"]
[BlackTitle "IM"]
[WhiteElo "2226"]
[BlackElo "2365"]
[WhiteFideId "4901878"]
[BlackFideId "14123622"]
[EventDate "2023.07.30"]
[EventType "k.o."]

1. e4 e5 2. Nf3 Nc6 3. Bb5 Bc5 4. O-O Nd4 5. Bc4 Nxf3+ 6. Qxf3 Nf6 7. d3 d6 8.
Be3 Bxe3 9. Qxe3 Be6 10. Nd2 Qe7 11. f4 exf4 12. Qxf4 O-O 13. Rae1 Nd7 14. d4
Bxc4 15. Nxc4 Rae8 16. Qg3 Qe6 17. b3 b5 18. Nd2 c5 19. c3 cxd4 20. cxd4 d5 21.
e5 Qb6 22. Nf3 Re6 23. Kh1 f6 24. Nh4 fxe5 25. Rxf8+ Nxf8 26. dxe5 Qc7 27. Qf4
Re8 28. Qd4 Qd7 29. Rd1 Rd8 30. h3 Ne6 31. Qg4 Nc5 32. Nf5 Ne4 33. Rf1 Kh8 34.
e6 Qc7 35. e7 Rg8 36. Nh6 Ng3+ 37. Qxg3 Qxg3 38. Nf7# 1-0

[Event "FIDE World Cup Women 2023"]
[Site "Baku AZE"]
[Date "2023.07.30"]
[Round "1.1"]
[White "Mammadova, Gulnar"]
[Black "Nguyen, Thi Mai Hung"]
[Result "1/2-1/2"]
[WhiteTitle "IM"]
[BlackTitle "WGM"]
[WhiteElo "2357"]
[BlackElo "2229"]
[WhiteFideId "13403508"]
[BlackFideId "12401676"]
[EventDate "2023.07.30"]
[EventType "k.o."]

1. e4 c5 2. Nf3 e6 3. g3 Nc6 4. Bg2 Nf6 5. d3 d5 6. e5 Nd7 7. Qe2 b5 8. O-O Be7
9. h4 O-O 10. Bh3 a5 11. Bf4 b4 12. Nbd2 Ba6 13. Rfd1 a4 14. Nf1 Qc7 15. N1h2 c4
16. Ng4 Rfe8 17. Qe3 d4 18. Qe2 c3 19. b3 Bb7 20. Ng5 Bxg5 21. hxg5 Ne7 22. Bg2
Ng6 23. Be4 Nc5 24. f3 Bxe4 25. fxe4 Ra6 26. Rab1 axb3 27. axb3 Ra2 28. Qf2 Qd7
29. Kg2 Rea8 30. Kf3 R8a3 31. Qh2 Qb5 32. Qf2 Qd7 33. Qh2 Qb5 34. Qf2 Rxb3 35.
Qxd4 Rxb1 36. Rxb1 Rxc2 37. Rxb4 Qxd3+ 38. Qxd3 Nxd3 39. Rb8+ Nf8 40. Rc8 Nxf4
41. gxf4 Rc1 42. Nf2 h6 43. gxh6 gxh6 44. Nd3 Rf1+ 45. Ke2 Rh1 46. f5 Rh2+ 47.
Nf2 Rh5 48. Ng4 Kg7 49. Ne3 Rh2+ 50. Kf3 c2 51. Nxc2 Nh7 52. Kg3 1/2-1/2

[Event "FIDE World Cup Women 2023"]
[Site "Baku AZE"]
[Date "2023.07.30"]
[Round "1.1"]
[White "Castrillon Gomez, Melissa"]
[Black "Cyfka, Karina"]
[Result "1/2-1/2"]
[WhiteTitle "WIM"]
[BlackTitle "IM"]
[WhiteElo "2235"]
[BlackElo "2356"]
[WhiteFideId "4402413"]
[BlackFideId "1122681"]
[EventDate "2023.07.30"]
[EventType "k.o."]

1. d4 Nf6 2. c4 e6 3. g3 d5 4. Nf3 Bb4+ 5. Bd2 a5 6. Bg2 O-O 7. Qc1 c5 8. dxc5
d4 9. Bxb4 axb4 10. Qf4 Nc6 11. O-O Ra5 12. Nbd2 Rxc5 13. Nb3 Rxc4 14. Rac1 Rxc1
15. Rxc1 Nd5 16. Qd2 Nb6 17. Nfxd4 Nxd4 18. Qxd4 Qxd4 19. Nxd4 Rd8 20. e3 Na4
21. Nc2 Nxb2 22. Nxb4 Rd1+ 23. Rxd1 Nxd1 24. Kf1 Nc3 25. Ke1 Kf8 26. Kd2 Na4 27.
Kc2 Ke7 28. Kb3 Nc5+ 29. Kc4 Kd6 30. f4 f6 1/2-1/2

[Event "FIDE World Cup Women 2023"]
[Site "Baku AZE"]
[Date "2023.07.30"]
[Round "1.1"]
[White "Aulia, Medina Warda"]
[Black "Frayna, Janelle Mae"]
[Result "1-0"]
[WhiteTitle "IM"]
[BlackTitle "WGM"]
[WhiteElo "2355"]
[BlackElo "2243"]
[WhiteFideId "7101570"]
[BlackFideId "5212499"]
[EventDate "2023.07.30"]
[EventType "k.o."]

1. e4 c6 2. d4 d5 3. Nc3 dxe4 4. Nxe4 Bf5 5. Ng3 Bg6 6. h4 h6 7. Nf3 Nd7 8. h5
Bh7 9. Bd3 Bxd3 10. Qxd3 e6 11. Bd2 Ngf6 12. O-O-O Be7 13. Kb1 O-O 14. Ne4 c5
15. Bc1 Qc7 16. Nxf6+ Nxf6 17. Ne5 cxd4 18. f4 Bd6 19. Qe2 Rfd8 20. Rh3 Rac8 21.
Rxd4 Bf8 22. Rc4 Qa5 23. Rxc8 Rxc8 24. g4 Nd5 25. c3 Qa4 26. c4 Nb6 27. b3 Qb4
28. Nd3 Qa5 29. Bd2 Qa3 30. g5 Nxc4 31. Bc1 Qa6 32. bxc4 Qxc4 33. Bb2 hxg5 34.
fxg5 Qb5 35. g6 Ba3 36. gxf7+ Kf8 37. Qe5 1-0

[Event "FIDE World Cup Women 2023"]
[Site "Baku AZE"]
[Date "2023.07.30"]
[Round "1.1"]
[White "Gajcin, Marina"]
[Black "Beydullayeva, Govhar"]
[Result "0-1"]
[WhiteTitle "WIM"]
[BlackTitle "WGM"]
[WhiteElo "2251"]
[BlackElo "2355"]
[WhiteFideId "949086"]
[BlackFideId "13413015"]
[EventDate "2023.07.30"]
[EventType "k.o."]

1. e4 e5 2. Nf3 Nc6 3. d4 exd4 4. Nxd4 Nf6 5. Nxc6 bxc6 6. e5 Qe7 7. Qe2 Nd5 8.
h4 Qe6 9. Nd2 Nb4 10. Ne4 Qxe5 11. Rh3 Ba6 12. c4 O-O-O 13. a3 d5 14. axb4 Bxc4
15. Qe3 d4 16. Nd6+ Qxd6 17. Qe4 Bd5 18. Qxd4 Qxb4+ 19. Qd2 Bc4 20. Qc3 Qxc3+
21. bxc3 Bxf1 22. Kxf1 Bc5 23. Be3 Bb6 24. c4 Bxe3 25. Rxe3 Rhe8 26. Rxa7 Rxe3
27. fxe3 Rd2 28. Ra8+ Kd7 29. Rg8 g6 30. Rg7 Ke6 31. Rxh7 Rc2 32. h5 gxh5 33.
Rh6+ f6 34. Rxh5 Rxc4 35. Rh7 Kd6 36. Rf7 Ke5 37. Ke2 Rc2+ 38. Kd3 Rxg2 39. Rxc7
Kd6 40. Rf7 Ke6 41. Rc7 Kd5 42. Rf7 Rf2 43. Rf8 Kd6 44. Rd8+ Ke7 45. Rc8 Kd7 46.
Rf8 Rf1 47. Ke2 Ke7 48. Rc8 Rc1 49. Kd2 Rc5 50. Kd3 Rd5+ 51. Kc4 Kd7 52. Rf8 Rd6
53. Rf7+ Ke6 54. Rf8 Ke5 55. Re8+ Re6 56. Rh8 Ke4 57. Rh3 f5 58. Kc5 Rg6 59. Rh5
Rg3 60. Kxc6 Rxe3 61. Kd6 f4 62. Ke6 f3 63. Rd5 f2 64. Rf5 Rf3 65. Re5+ Kd3 66.
Rd5+ Ke2 0-1

[Event "FIDE World Cup Women 2023"]
[Site "Baku AZE"]
[Date "2023.07.30"]
[Round "1.1"]
[White "Francisco Guecamburu, Candela Be"]
[Black "Gomez Barrera, Javiera Belen"]
[Result "1/2-1/2"]
[WhiteTitle "WGM"]
[BlackTitle "WIM"]
[WhiteElo "2352"]
[BlackElo "2256"]
[WhiteFideId "160911"]
[BlackFideId "3418723"]
[EventDate "2023.07.30"]
[EventType "k.o."]

1. e4 e5 2. Nf3 Nc6 3. Nc3 Nf6 4. d4 exd4 5. Nxd4 Bb4 6. Nxc6 bxc6 7. Bd3 d5 8.
exd5 cxd5 9. O-O O-O 10. h3 h6 11. Be3 Re8 12. Bd4 Bb7 13. Na4 Ne4 14. c3 Bd6
15. Qg4 Qg5 16. b4 Bc6 17. Nc5 Nxc5 18. bxc5 Be5 19. Rfe1 Bxd4 20. cxd4 Kf8 21.
Qxg5 hxg5 22. Rxe8+ Rxe8 23. Rb1 a5 24. Kf1 Ke7 25. f3 g6 26. Re1+ Kf6 27. Rxe8
Bxe8 28. Kf2 Ba4 29. Kg3 Ke7 30. f4 Kf6 31. fxg5+ Kxg5 32. h4+ Kf6 33. Kf4 Bd1
34. g4 Ba4 35. Bf1 Bd7 36. Bg2 Be6 37. g5+ Ke7 38. Ke5 c6 39. Bf1 Bc8 40. Be2
Bb7 41. Bd3 Bc8 42. Kf4 Bd7 43. Ba6 Be6 44. Bd3 Bd7 45. Ke3 Bg4 46. Bc2 Bh3 47.
Bd1 Bf1 48. Kf4 Bc4 49. a3 Bb5 50. Ke5 Ba6 51. Bg4 Bb5 52. Bd1 Ba6 53. Ba4 Bb7
54. Kf4 Ke6 55. Kf3 Kd7 56. Ke3 Ke6 57. Bd1 Ba6 58. Kf3 Bb5 59. Kg4 Ba6 60. Kf4
Bb5 61. Bg4+ Ke7 62. Ke5 Ba6 63. Bd1 Bb5 64. h5 gxh5 65. Bxh5 Bd3 66. Bg4 Ba6
67. Bf5 Bb7 68. Bd3 Bc8 69. Kf4 Kf8 70. Bf5 Bb7 71. Bd3 Bc8 72. Bc2 Ba6 73. Ba4
Bb7 74. Kf5 Ke7 75. Ke5 Ba8 1/2-1/2

[Event "FIDE World Cup Women 2023"]
[Site "Baku AZE"]
[Date "2023.07.30"]
[Round "1.1"]
[White "Rudzinska, Michalina"]
[Black "Vo, Thi Kim Phung"]
[Result "0-1"]
[WhiteTitle "WFM"]
[BlackTitle "WGM"]
[WhiteElo "2257"]
[BlackElo "2351"]
[WhiteFideId "1172883"]
[BlackFideId "12401838"]
[EventDate "2023.07.30"]
[EventType "k.o."]

1. e4 e6 2. d3 d5 3. Qe2 Nf6 4. Nf3 Be7 5. g3 c5 6. Bg2 Nc6 7. O-O O-O 8. e5 Nd7
9. c4 d4 10. h4 h6 11. Bf4 Re8 12. Nbd2 Rb8 13. Nh2 Bf8 14. Rae1 Ne7 15. h5 b5
16. b3 bxc4 17. bxc4 Rb2 18. Qg4 Kh8 19. Ne4 Ng8 20. Nf3 Rxa2 21. Ra1 Rxa1 22.
Rxa1 Qb6 23. Nfd2 Be7 24. Qd1 a6 25. g4 Qc7 26. Qf3 Rf8 27. Qg3 Qd8 28. g5 hxg5
29. Bxg5 Bxg5 30. Nxg5 Nh6 31. Be4 Qe7 32. Ndf3 Rd8 33. Nh4 Nf8 34. Kh1 f5 35.
exf6 Qxf6 36. Rg1 Bd7 37. f3 Be8 38. Qh3 Bxh5 39. Rg3 a5 40. Ng2 Be8 41. Qh4 Rb8
42. Rg4 e5 43. Bd5 Rb1+ 44. Kh2 a4 45. f4 a3 46. fxe5 Qxe5+ 47. Rf4 Ng6 48. Qg3
Nxf4 49. Nxf4 Qe1 50. Qf3 Qg1+ 0-1

[Event "FIDE World Cup Women 2023"]
[Site "Baku AZE"]
[Date "2023.07.30"]
[Round "1.1"]
[White "Daulyte-Cornette, Deimante"]
[Black "Toncheva, Nadya"]
[Result "1-0"]
[WhiteTitle "IM"]
[BlackTitle "FM"]
[WhiteElo "2348"]
[BlackElo "2263"]
[WhiteFideId "12802859"]
[BlackFideId "2924056"]
[EventDate "2023.07.30"]
[EventType "k.o."]

1. e4 c5 2. Nf3 e6 3. c3 Nf6 4. e5 Nd5 5. d4 cxd4 6. cxd4 d6 7. Bc4 Nb6 8. Bd3
dxe5 9. dxe5 Bb4+ 10. Nc3 Nd5 11. O-O Nxc3 12. bxc3 Bxc3 13. Rb1 Nc6 14. Qc2
Bxe5 15. Nxe5 Nxe5 16. Rd1 Nxd3 17. Rxd3 Qa5 18. Bd2 Qa6 19. Bb4 Qb5 20. a4 Qg5
21. Rbd1 e5 22. Qc5 f5 23. Rd8+ Kf7 24. Rxh8 1-0

[Event "FIDE World Cup Women 2023"]
[Site "Baku AZE"]
[Date "2023.07.30"]
[Round "1.1"]
[White "Radeva, Viktoria"]
[Black "Rakhmangulova, Anastasiya"]
[Result "0-1"]
[WhiteTitle "WGM"]
[BlackTitle "WIM"]
[WhiteElo "2267"]
[BlackElo "2347"]
[WhiteFideId "2915405"]
[BlackFideId "14117479"]
[EventDate "2023.07.30"]
[EventType "k.o."]

1. e4 c5 2. Nf3 Nc6 3. Bb5 g6 4. O-O Bg7 5. c3 a6 6. Bxc6 dxc6 7. h3 e5 8. d3
Qe7 9. Be3 Nf6 10. Nbd2 O-O 11. Nc4 Nd7 12. a4 a5 13. Qb3 Re8 14. Nfd2 Nf8 15.
Nb6 Be6 16. Qa3 Rad8 17. Bxc5 Qh4 18. c4 Bxh3 19. gxh3 Qg5+ 20. Kh2 Qxd2 21. Be3
Qe2 22. Rae1 Qh5 23. Qb3 Ne6 24. Qd1 Qxd1 25. Rxd1 Bf8 26. Kg3 Bc5 27. Bxc5 Nxc5
28. Rfe1 Nxd3 29. Re2 Nc5 30. Ree1 Rd4 31. f3 Red8 32. Rxd4 exd4 33. Rd1 f6 34.
Kf2 Kf7 35. Ke2 Ke6 36. h4 Ke5 37. Rf1 d3+ 38. Ke3 d2 39. Rd1 Rd3+ 40. Ke2 Kf4
41. Nc8 Rd8 42. Nb6 h5 43. b4 axb4 44. Rxd2 Rxd2+ 45. Kxd2 Kxf3 46. Nc8 Kxe4 47.
Kc2 g5 48. hxg5 fxg5 49. a5 Ke5 0-1

[Event "FIDE World Cup Women 2023"]
[Site "Baku AZE"]
[Date "2023.07.30"]
[Round "1.1"]
[White "Kulon, Klaudia"]
[Black "Miranda Llanes, Yerisbel"]
[Result "1-0"]
[WhiteTitle "IM"]
[BlackTitle "WGM"]
[WhiteElo "2331"]
[BlackElo "2268"]
[WhiteFideId "1131044"]
[BlackFideId "3507700"]
[EventDate "2023.07.30"]
[EventType "k.o."]

1. e4 c5 2. Nf3 d6 3. d4 cxd4 4. Nxd4 Nf6 5. Nc3 a6 6. Be3 e5 7. Nb3 Be7 8. f3
Be6 9. Qd2 O-O 10. O-O-O Nbd7 11. g4 b5 12. g5 b4 13. Ne2 Ne8 14. f4 a5 15. f5
a4 16. fxe6 axb3 17. exf7+ Rxf7 18. Kb1 bxa2+ 19. Ka1 Nc5 20. Ng3 Rf8 21. Bc4+
Kh8 22. h4 Nc7 23. Bxc5 dxc5 24. Qd7 Qxd7 25. Rxd7 Bd8 26. Rhd1 Rb8 27. Nf5 Na8
28. Rxg7 Nb6 29. Be6 c4 30. Rg1 1-0

[Event "FIDE World Cup Women 2023"]
[Site "Baku AZE"]
[Date "2023.07.30"]
[Round "1.1"]
[White "Ryjanova, Julia"]
[Black "Alinasab, Mobina"]
[Result "1-0"]
[WhiteTitle "WGM"]
[BlackTitle "WGM"]
[WhiteElo "2273"]
[BlackElo "2329"]
[WhiteFideId "4127714"]
[BlackFideId "12528897"]
[EventDate "2023.07.30"]
[EventType "k.o."]

1. d4 Nf6 2. c4 e6 3. g3 d5 4. Nf3 Bb4+ 5. Bd2 a5 6. Bg2 O-O 7. Qc2 c5 8. cxd5
cxd4 9. Nxd4 Qb6 10. Bxb4 axb4 11. Nb3 exd5 12. O-O Nc6 13. N1d2 Bg4 14. Nf3
Rfc8 15. Qd3 Bh5 16. Nh4 Ne5 17. Qd4 Qxd4 18. Nxd4 Nc6 19. Nhf5 Kf8 20. Rfc1 Bg4
21. h3 Bxf5 22. Nxf5 Rd8 23. Rd1 Ra5 24. g4 Rda8 25. Ne3 Rxa2 26. Rab1 Ne7 27.
g5 Ne4 28. Nxd5 Nxg5 29. Nxb4 R2a4 30. Nd3 g6 31. Bxb7 Nxh3+ 32. Kg2 R8a7 33.
Kxh3 Rxb7 34. Nc5 Rab4 35. Nxb7 Rxb7 36. b4 Rb5 37. Rd4 Nd5 38. Rb3 Ke7 39. Rc4
Ke6 40. Kh2 h5 41. Rc6+ Ke7 42. Rc4 Ke6 43. e4 Ne7 44. Rc5 Rb6 45. f4 f6 46. Kh3
Kd6 47. Rd3+ Ke6 48. b5 Rb7 49. Rd1 Rb6 50. f5+ Kf7 51. Rd7 gxf5 52. exf5 Ke8
53. Ra7 Rd6 54. Rac7 Rd3+ 55. Kh2 Rd2+ 56. Kg1 Nxf5 57. Rh7 Rd1+ 58. Kf2 Rd2+
59. Ke1 1-0

[Event "FIDE World Cup Women 2023"]
[Site "Baku AZE"]
[Date "2023.07.30"]
[Round "1.1"]
[White "Nandhidhaa, P V"]
[Black "Yan, Tianqi"]
[Result "1/2-1/2"]
[WhiteTitle "WGM"]
[BlackTitle "WIM"]
[WhiteElo "2329"]
[BlackElo "2277"]
[WhiteFideId "5050847"]
[BlackFideId "8615250"]
[EventDate "2023.07.30"]
[EventType "k.o."]

1. e4 e5 2. Nf3 Nc6 3. Bb5 Nf6 4. O-O Nxe4 5. Re1 Nd6 6. Nxe5 Be7 7. Bf1 Nxe5 8.
Rxe5 O-O 9. d4 Bf6 10. Re1 Nf5 11. c3 d5 12. Nd2 Re8 13. Nf3 Rxe1 14. Qxe1 c6
15. Bf4 Nh4 16. Ne5 Ng6 17. Bg3 Bf5 18. Qd2 Bg5 19. f4 Bh4 20. Bxh4 Qxh4 21. g3
Nxe5 22. dxe5 Qd8 23. Bg2 Qb6+ 24. Qf2 Rd8 25. Rd1 Qa5 26. a3 h5 27. h3 g6 28.
Kh2 Rd7 29. Bf3 Qb6 30. Qxb6 axb6 31. g4 hxg4 32. hxg4 Be6 33. Kg3 Kg7 34. Be2
f6 35. exf6+ Kxf6 36. Bd3 Bf7 37. Re1 d4 38. cxd4 Rxd4 39. g5+ Kg7 40. Re3 Kf8
41. f5 Bc4 42. Bxc4 Rxc4 43. f6 Rc1 44. Re7 Rg1+ 45. Kf4 Rf1+ 46. Ke5 Re1+ 47.
Kd6 Rd1+ 48. Kc7 Rd5 49. Kxb7 Rxg5 50. Re6 Rg3 51. Rxc6 b5 52. b4 Rxa3 53. Kb6
Kf7 54. Kxb5 g5 55. Kc4 g4 56. Rd6 g3 57. b5 g2 58. Rd1 Kxf6 59. b6 Ra2 60. Rg1
Rb2 61. Kc5 Kf5 62. b7 Rxb7 63. Rxg2 1/2-1/2

[Event "FIDE World Cup Women 2023"]
[Site "Baku AZE"]
[Date "2023.07.30"]
[Round "1.1"]
[White "Forgas Moreno, Yaniela"]
[Black "Gomes, Mary Ann"]
[Result "0-1"]
[WhiteTitle "WGM"]
[BlackTitle "WGM"]
[WhiteElo "2293"]
[BlackElo "2326"]
[WhiteFideId "3508072"]
[BlackFideId "5013623"]
[EventDate "2023.07.30"]
[EventType "k.o."]

1. e4 c5 2. Nc3 Nc6 3. g3 g6 4. Bg2 Bg7 5. d3 d6 6. Be3 e6 7. Qd2 Rb8 8. Nf3 b5
9. e5 Nxe5 10. Nxe5 Bxe5 11. d4 cxd4 12. Bxd4 Bb7 13. Bxb7 Rxb7 14. O-O-O Rd7
15. Nxb5 a6 0-1

[Event "FIDE World Cup Women 2023"]
[Site "Baku AZE"]
[Date "2023.07.30"]
[Round "1.1"]
[White "Brunello, Marina"]
[Black "Priyanka, Nutakki"]
[Result "1/2-1/2"]
[WhiteTitle "IM"]
[BlackTitle "WGM"]
[WhiteElo "2324"]
[BlackElo "2293"]
[WhiteFideId "822590"]
[BlackFideId "25049615"]
[EventDate "2023.07.30"]
[EventType "k.o."]

1. e4 e5 2. Bc4 Nf6 3. d3 Bc5 4. Nf3 d6 5. c3 a5 6. O-O O-O 7. h3 Nbd7 8. d4 Ba7
9. Nbd2 exd4 10. cxd4 d5 11. exd5 Nb6 12. Bd3 Nbxd5 13. Nc4 c6 14. a3 h6 15. Bd2
Bb8 16. Nce5 Be6 17. Rc1 Bd6 18. Re1 Re8 19. Bb1 Nh7 20. Qc2 Nf8 21. Rcd1 a4 22.
Rc1 Qf6 23. Qe4 Qd8 24. Qd3 Qf6 25. Qe4 Qd8 26. Qd3 Qf6 27. Qe4 1/2-1/2

[Event "FIDE World Cup Women 2023"]
[Site "Baku AZE"]
[Date "2023.07.30"]
[Round "1.1"]
[White "Yu, Jennifer"]
[Black "Ordaz Valdes, Lisandra Teresa"]
[Result "0-1"]
[WhiteTitle "FM"]
[BlackTitle "IM"]
[WhiteElo "2303"]
[BlackElo "2318"]
[WhiteFideId "2078341"]
[BlackFideId "3506940"]
[EventDate "2023.07.30"]
[EventType "k.o."]

1. d4 d5 2. c4 e6 3. Nc3 c5 4. cxd5 exd5 5. Nf3 Nc6 6. dxc5 d4 7. Na4 Bxc5 8.
Nxc5 Qa5+ 9. Bd2 Qxc5 10. Rc1 Qb6 11. Qc2 Nge7 12. e3 Bf5 13. Qc5 Qxc5 14. Rxc5
dxe3 15. Bxe3 Be6 16. a3 Rd8 17. Be2 O-O 18. O-O Nf5 19. b4 Nxe3 20. fxe3 Rc8
21. Ng5 b6 22. Rcc1 Ne5 23. Nxe6 fxe6 24. Rxf8+ Rxf8 25. Bc4 Re8 26. Bb3 Kf7 27.
Ba4 Re7 28. Rf1+ Kg6 29. Bb3 Rc7 30. Bxe6 Rc3 31. e4 Rxa3 32. Rf5 Ra1+ 33. Kf2
Ng4+ 34. Ke2 Nh6 35. Rf3 Rb1 36. Bb3 Rb2+ 37. Kf1 Rb1+ 38. Ke2 Rb2+ 39. Kf1 Ng4
40. Rg3 Kf6 41. h3 Ne5 42. Rc3 h5 43. b5 h4 44. g3 Kg5 45. gxh4+ Kxh4 46. Ke1
Kg5 47. Kd1 Kf4 48. Kc1 Rf2 49. Bd5 g5 50. Rc7 Nd3+ 51. Kb1 Rb2+ 52. Ka1 Rxb5
53. Rf7+ Ke5 54. Rf5+ Kd4 55. Rxg5 Nf4 56. Rg7 Ra5+ 57. Kb1 Nxh3 58. Ba8 Nf2 59.
Rd7+ Kc3 60. Rc7+ Kd3 61. Rd7+ Ke3 62. e5 Rxe5 63. Rxa7 Nd3 64. Bc6 Rc5 65. Ba4
Rc4 66. Bc2 Nc5 67. Ra8 Kd2 68. Rd8+ Kc3 69. Bf5 Rf4 70. Bc2 Rf2 71. Bd1 Rf1 72.
Ka2 Rh1 73. Bf3 Rh2+ 74. Kb1 Rb2+ 75. Kc1 Nb3+ 76. Kd1 Rb1+ 77. Ke2 Nd4+ 78. Ke3
Re1+ 79. Kf2 Nxf3 80. Rf8 Re5 81. Rxf3+ Kc2 82. Kg3 b5 83. Kf4 Re8 84. Rf2+ Kc3
85. Rf3+ Kc4 86. Rh3 b4 87. Rh7 b3 88. Rb7 Kc3 89. Kf3 Kc2 0-1

[Event "FIDE World Cup Women 2023"]
[Site "Baku AZE"]
[Date "2023.07.30"]
[Round "1.1"]
[White "Repkova, Eva"]
[Black "Yakubbaeva, Nilufar"]
[Result "1/2-1/2"]
[WhiteTitle "IM"]
[BlackTitle "WGM"]
[WhiteElo "2312"]
[BlackElo "2311"]
[WhiteFideId "14900440"]
[BlackFideId "14204487"]
[EventDate "2023.07.30"]
[EventType "k.o."]

1. d4 Nf6 2. Bg5 d5 3. Nd2 c5 4. dxc5 e6 5. e4 Nc6 6. Nb3 dxe4 7. Qxd8+ Nxd8 8.
O-O-O Bd7 9. Ne2 a5 10. Bxf6 gxf6 11. Nc3 f5 12. a4 Nc6 13. Nb5 Rc8 14. Nd6+
Bxd6 15. Rxd6 Nb4 16. Nxa5 Rxc5 17. Nxb7 Rxc2+ 18. Kb1 Rc7 19. Rb6 Nd5 20. Nd6+
Ke7 21. Ra6 Nb4 22. Rb6 Bxa4 23. Rxb4 Bc2+ 24. Kc1 Kxd6 25. Kd2 Ke5 26. Rc4 Rxc4
27. Bxc4 Ba4 28. Ra1 Bc6 29. g3 Kd4 30. b3 Ra8 31. Rxa8 Bxa8 32. Bb5 Bd5 33. b4
e5 34. Bd7 f4 35. b5 e3+ 36. fxe3+ fxe3+ 37. Ke1 Kc5 38. Ke2 Bc4+ 39. Kxe3 Bxb5
40. Bxb5 Kxb5 41. Ke4 f6 42. g4 h6 43. h4 Kc5 44. g5 fxg5 45. hxg5 hxg5 46. Kxe5
g4 47. Kf4 Kd4 48. Kxg4 Ke5 1/2-1/2

[Event "FIDE World Cup Women 2023"]
[Site "Baku AZE"]
[Date "2023.07.31"]
[Round "1.2"]
[White "Al-Fayyadh, Yamama Asif Abdula"]
[Black "Roebers, Eline"]
[Result "0-1"]
[WhiteTitle "WCM"]
[BlackTitle "IM"]
[WhiteElo "1705"]
[BlackElo "2419"]
[WhiteFideId "4806700"]
[BlackFideId "1058401"]
[EventDate "2023.07.30"]
[EventType "k.o."]

1. e4 c5 2. Nf3 Nc6 3. d4 cxd4 4. Nxd4 e6 5. Nc3 Qc7 6. Be2 a6 7. Nb3 Nf6 8. Be3
b5 9. f3 Be7 10. Qd2 O-O 11. Rd1 d6 12. O-O Bb7 13. Qe1 Ne5 14. a3 Nc4 15. Bc1
d5 16. exd5 Nxd5 17. Nxd5 Bxd5 18. Kh1 Rfd8 19. Bd3 Bf6 20. Bxc4 Bxc4 21. Rf2
Bh4 22. g3 Bf6 23. Nd2 Bd4 24. Rg2 Bd5 25. Ne4 Bb6 26. Bf4 Qc6 27. Rxd5 Rxd5 28.
Qe2 Rad8 29. h4 Rd1+ 30. Kh2 Rb1 31. Nc3 Rxb2 32. Nd1 Rb1 33. Ne3 Qc3 0-1

[Event "FIDE World Cup Women 2023"]
[Site "Baku AZE"]
[Date "2023.07.31"]
[Round "1.2"]
[White "Bulmaga, Irina"]
[Black "Jannatul, Ferdous"]
[Result "1-0"]
[WhiteTitle "IM"]
[BlackTitle "WCM"]
[WhiteElo "2416"]
[BlackElo "1815"]
[WhiteFideId "13903063"]
[BlackFideId "10212590"]
[EventDate "2023.07.30"]
[EventType "k.o."]

1. e4 c6 2. d4 d5 3. e5 Bf5 4. h4 h5 5. c4 e6 6. Nc3 Nd7 7. cxd5 cxd5 8. Bd3
Bxd3 9. Qxd3 a6 10. Nf3 Ne7 11. Bg5 b5 12. O-O Qb6 13. Rfc1 Rc8 14. Ne2 Nc6 15.
Nf4 Ne7 16. Bxe7 Rxc1+ 17. Rxc1 Bxe7 18. Rc8+ Bd8 19. Ng5 Nf8 20. Qf3 Qb7 21.
Nxd5 exd5 22. Rxd8+ Kxd8 23. Nxf7+ Kc7 24. Nxh8 Qc8 25. Qxd5 Ne6 26. Nf7 Kb8 27.
Kh2 g6 28. Qd6+ Ka7 29. d5 Nf4 30. Qe7+ Ka8 31. Nd6 Qb8 32. Qd7 1-0

[Event "FIDE World Cup Women 2023"]
[Site "Baku AZE"]
[Date "2023.07.31"]
[Round "1.2"]
[White "Sovetbekova, Nurai"]
[Black "Injac, Teodora"]
[Result "0-1"]
[WhiteTitle "WFM"]
[BlackTitle "IM"]
[WhiteElo "1823"]
[BlackElo "2415"]
[WhiteFideId "13801910"]
[BlackFideId "932400"]
[EventDate "2023.07.30"]
[EventType "k.o."]

1. d4 Nf6 2. c4 e6 3. Bf4 b6 4. Nf3 Bb7 5. e3 Be7 6. Bd3 Nh5 7. Bg3 d6 8. Nbd2
Nd7 9. Qc2 g6 10. O-O O-O 11. Rfd1 Nxg3 12. hxg3 c5 13. Rac1 Rc8 14. Qa4 Rc7 15.
Ne4 Qa8 16. Nc3 a6 17. Be2 Nf6 18. Qb3 Qa7 19. Rc2 Rfc8 20. Na4 Bc6 21. Nc3 d5
22. dxc5 bxc5 23. Rcd2 Rb8 24. Qc2 Ba8 25. b3 Rd8 26. Qb2 Bb7 27. Ne5 Bf8 28.
Bf3 Qa8 29. Ne2 Bg7 30. Qc2 Rcc8 31. Nd3 g5 32. g4 h5 33. Ne5 Qb8 34. Nxf7 Kxf7
35. gxh5 Qe5 36. Qg6+ Kf8 37. Ng3 g4 38. h6 Bh8 39. Bxg4 Nxg4 40. Qxg4 Ke7 41.
cxd5 Bxd5 42. Qa4 Rg8 43. e4 Bc6 44. Qxa6 Qc7 45. Qd3 Bd4 46. Ne2 Rcd8 47. Nxd4
Rxd4 48. Qh3 Rxd2 49. Rxd2 Qf4 50. h7 Rh8 51. Rd1 Qxe4 52. Qg3 Rxh7 53. Qc7+ Kf6
54. Qg3 Rg7 55. Qc3+ Qe5 56. Qxe5+ Kxe5 57. Re1+ Kd6 58. g3 e5 59. Kf1 Bf3 60.
Re3 e4 61. Ke1 Rh7 62. Kd2 Rh2 63. Ke1 Rh1+ 64. Kd2 Rf1 0-1

[Event "FIDE World Cup Women 2023"]
[Site "Baku AZE"]
[Date "2023.07.31"]
[Round "1.2"]
[White "Salimova, Nurgyul"]
[Black "Van Zyl, Charlize"]
[Result "1-0"]
[WhiteTitle "IM"]
[BlackTitle "WIM"]
[WhiteElo "2409"]
[BlackElo "1839"]
[WhiteFideId "2915138"]
[BlackFideId "14307120"]
[EventDate "2023.07.30"]
[EventType "k.o."]

1. d4 Nf6 2. Nf3 e6 3. c4 d5 4. Nc3 a6 5. cxd5 exd5 6. Bg5 Be6 7. e3 c6 8. Bd3
Nbd7 9. Qc2 Bd6 10. O-O Qc7 11. Rfe1 O-O 12. Bh4 Bg4 13. Bg3 Rfe8 14. Nh4 Bxg3
15. hxg3 g6 16. Nf3 Rac8 17. Rac1 c5 18. dxc5 Bxf3 19. gxf3 Ne5 20. Be2 Qxc5 21.
f4 Neg4 22. Bxg4 Nxg4 23. Qd1 Nf6 24. Qd3 Qb4 25. Re2 Qc4 26. Rd1 Ne4 27. Nxd5
Qxa2 28. Kg2 Re6 29. f3 Nc5 30. Qd4 Nd7 31. Nc3 Rxc3 32. Qxc3 Rc6 33. Qd4 Nf6
34. g4 Qe6 35. Qe5 Rc8 36. Red2 Kf8 37. Rd8+ Rxd8 38. Rxd8+ Ke7 39. Rb8 Qxe5 40.
fxe5 Nd5 41. Rxb7+ Ke6 42. f4 Nxe3+ 43. Kf3 Nd5 44. Ke4 f5+ 45. gxf5+ gxf5+ 46.
Kf3 h5 47. Rh7 a5 48. Rh6+ Ke7 49. Rxh5 a4 50. Rxf5 Nb6 51. Rh5 Nc4 52. Rh2 1-0